Engineering mechanics. (Record no. 527613)
[ view plain ]
| 000 -LEADER | |
|---|---|
| fixed length control field | 01302cam a22003977i 4500 |
| 001 - CONTROL NUMBER | |
| control field | 18772042 |
| 003 - CONTROL NUMBER IDENTIFIER | |
| control field | NUST |
| 005 - DATE AND TIME OF LATEST TRANSACTION | |
| control field | 20190801061749.0 |
| 008 - FIXED-LENGTH DATA ELEMENTS--GENERAL INFORMATION | |
| fixed length control field | 150904s2016 njua 001 0 eng d |
| 010 ## - LIBRARY OF CONGRESS CONTROL NUMBER | |
| LC control number | 2015451663 |
| 020 ## - INTERNATIONAL STANDARD BOOK NUMBER | |
| International Standard Book Number | 9789332584747 |
| 020 ## - INTERNATIONAL STANDARD BOOK NUMBER | |
| International Standard Book Number | 0133915425 |
| 035 ## - SYSTEM CONTROL NUMBER | |
| System control number | (OCoLC)ocn908176980 |
| 038 ## - RECORD CONTENT LICENSOR | |
| Staff Name | IESE |
| 040 ## - CATALOGING SOURCE | |
| Original cataloging agency | SISPL |
| Language of cataloging | eng |
| Transcribing agency | SISPL |
| Description conventions | rda |
| Modifying agency | IXA |
| -- | YDXCP |
| -- | DLC |
| 042 ## - AUTHENTICATION CODE | |
| Authentication code | lccopycat |
| 050 00 - LIBRARY OF CONGRESS CALL NUMBER | |
| Classification number | 620.1054 HIB |
| Item number | .H48 2016 |
| 082 ## - DEWEY DECIMAL CLASSIFICATION NUMBER | |
| Classification number | 620.1054 HIB |
| 100 1# - MAIN ENTRY--PERSONAL NAME | |
| Personal name | Hibbeler, R. C., |
| Relator term | author. |
| 9 (RLIN) | 1019 |
| 245 10 - TITLE STATEMENT | |
| Title | Engineering mechanics. |
| Name of part/section of a work | Statics and dynamics / |
| Statement of responsibility, etc. | R.C. Hibbeler. |
| 246 30 - VARYING FORM OF TITLE | |
| Title proper/short title | Statics and dynamics |
| 246 14 - VARYING FORM OF TITLE | |
| Title proper/short title | Engineering mechanics. |
| Name of part/section of a work | Statics & dynamics |
| 246 30 - VARYING FORM OF TITLE | |
| Title proper/short title | Statics & dynamics |
| 250 ## - EDITION STATEMENT | |
| Edition statement | Fourteenth edition. |
| 264 #1 - PRODUCTION, PUBLICATION, DISTRIBUTION, MANUFACTURE, AND COPYRIGHT NOTICE | |
| Place of production, publication, distribution, manufacture | India : |
| Name of producer, publisher, distributor, manufacturer | Pearson, |
| Date of production, publication, distribution, manufacture, or copyright notice | [2017] |
| 300 ## - PHYSICAL DESCRIPTION | |
| Extent | xxv, 1301 pages : |
| Other physical details | illustrations (some color) ; P.B |
| Dimensions | 25 cm |
| 336 ## - CONTENT TYPE | |
| Content type term | text |
| Content type code | txt |
| Source | rdacontent |
| 337 ## - MEDIA TYPE | |
| Media type term | unmediated |
| Media type code | n |
| Source | rdamedia |
| 338 ## - CARRIER TYPE | |
| Carrier type term | volume |
| Carrier type code | nc |
| Source | rdacarrier |
| 500 ## - GENERAL NOTE | |
| General note | Includes index. |
| 650 #0 - SUBJECT ADDED ENTRY--TOPICAL TERM | |
| Topical term or geographic name entry element | Mechanics, Applied |
| Form subdivision | Textbooks. |
| 9 (RLIN) | 18867 |
| 650 #0 - SUBJECT ADDED ENTRY--TOPICAL TERM | |
| Topical term or geographic name entry element | Mechanical engineering |
| Form subdivision | Textbooks. |
| 9 (RLIN) | 18959 |
| 906 ## - LOCAL DATA ELEMENT F, LDF (RLIN) | |
| a | 7 |
| b | cbc |
| c | copycat |
| d | 3 |
| e | ncip |
| f | 20 |
| g | y-gencatlg |
| 942 ## - ADDED ENTRY ELEMENTS (KOHA) | |
| Source of classification or shelving scheme | |
| Koha item type | Text Books |
| Call number prefix | IESE |
| Withdrawn status | Lost status | Source of classification or shelving scheme | Damaged status | Not for loan | Permanent Location | Current Location | Shelving location | Date acquired | Total Checkouts | Total Renewals | Full call number | Barcode | Date last seen | Date last checked out | Price effective from | Koha item type |
|---|---|---|---|---|---|---|---|---|---|---|---|---|---|---|---|---|
| Institute of Environmental Science and Engineering (IESE) | Institute of Environmental Science and Engineering (IESE) | Text Books | 08/01/2019 | 2 | 3 | 620.1054 HIB | IESE-3947 | 06/05/2023 | 02/21/2023 | 08/01/2019 | Text Books | |||||
| Institute of Environmental Science and Engineering (IESE) | Institute of Environmental Science and Engineering (IESE) | Text Books | 08/01/2019 | 1 | 3 | 620.1054 HIB | IESE-3946 | 10/19/2020 | 01/22/2020 | 08/01/2019 | Text Books | |||||
| Institute of Environmental Science and Engineering (IESE) | Institute of Environmental Science and Engineering (IESE) | Text Books | 08/01/2019 | 620.1054 HIB | IESE-3945 | 08/01/2019 | 08/01/2019 | Text Books |
